[Event "Tournoi francophone 013"]
[Site "Skype"]
[Date "????.??.??"]
[Round "2.1"]
[White "Briere, Jean"]
[Black "Thevenet, Yann"]
[Result "0-1"]
[WhiteElo "1435"]
[BlackElo "1986"]
[PlyCount "22"]

1. e4 e5 2. Nf3 Nc6 3. Bc4 Bc5 4. d3 d6 5. Nc3 Bg4 6. Be3 Nd4 7. Bxd4 Bxd4 8.
O-O c6 9. h3 h5 10. hxg4 hxg4 11. Nh2 Qh4 0-1

[Event "Tournoi francophone 013"]
[Site "Skype"]
[Date "????.??.??"]
[Round "2.2"]
[White "Hilton, Stephen"]
[Black "Fouquereau, Andre"]
[Result "1-0"]
[WhiteElo "1865"]
[BlackElo "1433"]
[PlyCount "31"]

1. d4 d5 2. c4 Nf6 3. Nc3 e6 4. Bg5 Be7 5. e3 O-O 6. Nf3 c6 7. Bd3 Ne4 8. Bxe7
Qxe7 9. Qc2 Nd6 10. c5 Nf5 11. O-O g6 12. b4 Bd7 13. e4 dxe4 14. Nxe4 b6 15.
Rfe1 Qf6 16. Nxf6+ 1-0

[Event "Tournoi francophone 013"]
[Site "Skype"]
[Date "????.??.??"]
[Round "2.3"]
[White "Ortiz, Vladimir"]
[Black "Deville, Olivier"]
[Result "0-1"]
[WhiteElo "1419"]
[BlackElo "1823"]
[PlyCount "82"]

1. d4 Nf6 2. c4 e6 3. Nf3 Bb4+ 4. Bd2 Qe7 5. a3 Bxd2+ 6. Nbxd2 d6 7. e4 e5 8.
d5 a5 9. h3 a4 10. Bd3 O-O 11. Bc2 Bd7 12. O-O b5 13. Bd3 bxc4 14. Bxc4 Na6 15.
b4 axb3 16. Bxb3 Nc5 17. Bc2 Ba4 18. Re1 Qd7 19. Nb1 Nfxe4 20. Rxe4 Nxe4 21.
Bxa4 Qxa4 22. Qd3 Nf6 23. Nfd2 Qd4 24. Qxd4 exd4 25. Nf3 d3 26. Nc3 Ra5 27. a4
Nxd5 28. Nxd5 Rxd5 29. Nd2 Ra8 30. Ra3 Rda5 31. Rxd3 Rxa4 32. f3 f5 33. Rc3 c5
34. Nc4 Ra1+ 35. Kh2 Rd8 36. Ne3 g6 37. Kg3 Ra4 38. Nd5 Rd4 39. Nf4 Re8 40. h4
Kf7 41. Kf2 Rxf4 0-1

[Event "Tournoi francophone 013"]
[Site "Skype"]
[Date "????.??.??"]
[Round "2.4"]
[White "Bourdeau, Yvan"]
[Black "Legueltel, Daniel"]
[Result "0-1"]
[WhiteElo "1383"]
[BlackElo "1753"]
[PlyCount "124"]

1. d4 Nf6 2. Bf4 e6 3. e3 d5 4. Nf3 Bd6 5. Bg3 O-O 6. Bd3 c5 7. c3 b6 8. Nbd2
Bb7 9. Ne5 Ne4 10. Qf3 Nxd2 11. Kxd2 cxd4 12. exd4 Nc6 13. Qh5 g6 14. Qh6 Nxe5
15. dxe5 Be7 16. h4 d4 17. Bf4 dxc3+ 18. bxc3 Be4 19. Rh3 Bf5 20. Rg3 Qd5 21.
h5 Rfd8 22. hxg6 fxg6 23. Rd1 Bxd3 24. Ke1 Qe4+ 25. Be3 Qc4 26. Bd4 Bf5 27. Qd2
Bc5 28. Qb2 Bxd4 29. cxd4 Rd5 30. Rc3 Qb5 31. Qxb5 Rxb5 32. Rdc1 Rb1 33. Rxb1
Bxb1 34. a3 Rd8 35. Rc7 a6 36. Rb7 Rxd4 37. Rxb6 Bd3 38. Rxe6 Re4+ 39. Kd2 Bb5
40. f3 Re2+ 41. Kc3 Rxg2 42. Kd4 Rf2 43. a4 Bxa4 44. Rxa6 Bb5 45. Ra5 Bf1 46.
Ra3 h5 47. Ke3 Re2+ 48. Kf4 h4 49. Ra1 Bg2 50. Kg4 h3 51. Kg3 Rxe5 52. Rg1 Rf5
53. Rxg2 hxg2 54. Kxg2 Kf7 55. Kg3 Kf6 56. Kg4 Ke5 57. Kg3 Rf4 58. Kf2 g5 59.
Kg3 Kd4 60. Kf2 Kd3 61. Kg3 Ke3 62. Kg2 Rxf3 0-1

[Event "Tournoi francophone 013"]
[Site "Skype"]
[Date "????.??.??"]
[Round "2.5"]
[White "Rapaire, Jean-Michel"]
[Black "Couto, Januario"]
[Result "1-0"]
[WhiteElo "1742"]
[BlackElo "1387"]
[PlyCount "101"]

1. e4 d5 2. exd5 Qxd5 3. Qf3 Qd6 4. Bc4 Nf6 5. Ne2 Nbd7 6. d4 c6 7. O-O e6 8.
c3 Nd5 9. Bf4 Nxf4 10. Qxf4 Qe7 11. Nd2 Nf6 12. Ne4 Nd5 13. Qf3 Qc7 14. Rfe1
Bd6 15. Nxd6+ Qxd6 16. Bxd5 cxd5 17. Qg3 Qxg3 18. Nxg3 O-O 19. f4 Bd7 20. Re3
Rac8 21. Rf1 Rc6 22. f5 Rb6 23. fxe6 Bxe6 24. Rf2 f6 25. Nh5 Bf7 26. Nf4 g5 27.
Nd3 Re6 28. Rxe6 Bxe6 29. Nc5 Bc8 30. Re2 Kf7 31. Kf2 b6 32. Nb3 Re8 33. Rxe8
Kxe8 34. Nd2 h5 35. Nf1 f5 36. g3 Ke7 37. Ne3 Be6 38. Kf3 Kd6 39. h4 f4 40.
gxf4 g4+ 41. Kg3 Bf7 42. f5 Ke7 43. Kf4 Kf6 44. Nc2 Bg8 45. Nb4 a5 46. Nc2 Bh7
47. Ne3 Bg8 48. a4 Bf7 49. b4 Bg8 50. Nf1 Bh7 51. Ng3 1-0

[Event "Tournoi francophone 013"]
[Site "Skype"]
[Date "????.??.??"]
[Round "2.6"]
[White "Meyer, Eric"]
[Black "Duthoit, Bernard"]
[Result "1-0"]
[WhiteElo "1675"]
[BlackElo "1379"]
[PlyCount "37"]

1. Nf3 e6 2. d4 d5 3. Bf4 c5 4. e3 cxd4 5. exd4 Nc6 6. c3 a6 7. Nbd2 b5 8. a3
Nge7 9. Bd3 Ng6 10. Bg3 Be7 11. O-O O-O 12. Re1 Bd6 13. Ne5 Ncxe5 14. dxe5 Be7
15. Nf3 Bh4 16. Nxh4 Nxh4 17. Bxh7+ Kh8 18. Qh5 g5 19. Bg6+ 1-0

[Event "Tournoi francophone 013"]
[Site "Skype"]
[Date "????.??.??"]
[Round "2.7"]
[White "Scata, Laura"]
[Black "Lambert, Pierre"]
[Result "0-1"]
[WhiteElo "1366"]
[BlackElo "1647"]
[PlyCount "46"]

1. d4 Nf6 2. Bf4 d6 3. Nf3 g6 4. Qd2 Bg7 5. Nc3 O-O 6. Bh6 c5 7. h4 Nc6 8. e3
Bxh6 9. Ng5 Qb6 10. Na4 Qb4 11. b3 Qxd2+ 12. Kxd2 cxd4 13. Be2 dxe3+ 14. fxe3
Bg4 15. Raf1 Bxe2 16. Kxe2 Rac8 17. c4 Ne5 18. Nc3 Rc6 19. Rd1 Ned7 20. Nf3 Nc5
21. Nd4 Rcc8 22. Rdg1 Nce4 23. Nd1 Ng3+ 0-1

[Event "Tournoi francophone 013"]
[Site "Skype"]
[Date "????.??.??"]
[Round "2.8"]
[White "Hurtado De Mendoza, Ramon Miguel"]
[Black "Amato, Ludovica"]
[Result "1-0"]
[WhiteElo "1549"]
[BlackElo "1346"]
[PlyCount "65"]

1. e4 e5 2. Nf3 Nf6 3. Bc4 Nxe4 4. O-O Nc6 5. c3 Bc5 6. d4 exd4 7. cxd4 Be7 8.
Nc3 Nf6 9. Re1 O-O 10. Bg5 a6 11. a3 d5 12. Bxf6 dxc4 13. Bxe7 Nxe7 14. Qe2 Nf5
15. Qxc4 Be6 16. d5 Nd6 17. Qd4 Bf5 18. Re2 Re8 19. Rae1 Qd7 20. Ne5 Qd8 21. g4
Bd7 22. Nxd7 Qxd7 23. Rxe8+ Rxe8 24. Rxe8+ Nxe8 25. Qd1 Nf6 26. f3 Qd6 27. Kg2
a5 28. h3 Qc5 29. a4 Kf8 30. Qd2 Ke7 31. h4 Kd6 32. g5 Nxd5 33. Ne4+ 1-0

[Event "Tournoi francophone 013"]
[Site "Skype"]
[Date "????.??.??"]
[Round "2.9"]
[White "Pouteau, Pascal"]
[Black "Megelas, Florent"]
[Result "1/2-1/2"]
[WhiteElo "1345"]
[BlackElo "1539"]
[PlyCount "41"]

1. d4 c6 2. e4 d5 3. Nc3 dxe4 4. Nxe4 Bf5 5. Ng3 Bg6 6. h4 h6 7. Nf3 Nf6 8. Ne5
Bh7 9. Bc4 e6 10. Be3 Nbd7 11. c3 Be7 12. Qf3 Nxe5 13. dxe5 Nd5 14. Rd1 Qc7 15.
Bd3 Nxe3 16. Qxe3 O-O 17. Bxh7+ Kxh7 18. Qd3+ Kg8 19. Qe3 b6 20. Ne4 Qxe5 21.
Rd7 1/2-1/2

[Event "Tournoi francophone 013"]
[Site "Skype"]
[Date "????.??.??"]
[Round "2.10"]
[White "Leyton Calderon, Jairo Oswaldo"]
[Black "Ambrosino, Theo"]
[Result "1-0"]
[WhiteElo "1526"]
[BlackElo "1339"]
[PlyCount "57"]

1. Nf3 Nf6 2. b3 g6 3. Bb2 Bg7 4. e3 e6 5. c4 c5 6. Be2 Nc6 7. O-O O-O 8. Nc3
Ne4 9. Na4 Bxb2 10. Nxb2 d5 11. Qc2 Nb4 12. Qb1 f5 13. a3 Nc6 14. Na4 Qf6 15.
Qc2 b6 16. d3 Nd6 17. Rfd1 f4 18. Qc3 fxe3 19. fxe3 d4 20. exd4 cxd4 21. Qd2 e5
22. Rf1 Nf5 23. Qg5 Ne3 24. Qxf6 Rxf6 25. Rf2 Bb7 26. Nb2 Nc2 27. Ra2 Raf8 28.
Nd1 Ne1 29. Nxe1 1-0

[Event "Tournoi francophone 013"]
[Site "Skype"]
[Date "????.??.??"]
[Round "2.11"]
[White "Le Brun, Yves"]
[Black "Gadow, Martin"]
[Result "1-0"]
[WhiteElo "1338"]
[BlackElo "1521"]
[PlyCount "31"]

1. d4 Nf6 2. c4 e6 3. Nf3 d5 4. g3 c5 5. dxc5 Bxc5 6. a3 O-O 7. Qc2 Nc6 8. Bg2
dxc4 9. Qxc4 Qb6 10. O-O Na5 11. Qc2 Nb3 12. Ra2 Nxc1 13. Qxc1 Bd7 14. Nfd2
Rac8 15. Nc3 Qb3 16. Nxb3 1-0

[Event "Tournoi francophone 013"]
[Site "Skype"]
[Date "????.??.??"]
[Round "2.12"]
[White "Violette, Didier"]
[Black "Bucherie, Volcy"]
[Result "1-0"]
[WhiteElo "1520"]
[BlackElo "1336"]
[PlyCount "51"]

1. e4 c6 2. d4 d5 3. exd5 cxd5 4. c4 e6 5. Nf3 Nf6 6. Nc3 Ne4 7. Bd3 Bb4 8. Bd2
Nxc3 9. bxc3 dxc4 10. Bxc4 Ba5 11. O-O O-O 12. Re1 Re8 13. Qc2 Nc6 14. Ng5 g6
15. Ne4 Bc7 16. Bg5 Ne7 17. Nf6+ Kg7 18. Nxe8+ Qxe8 19. Rad1 Qc6 20. Bb3 Nd5
21. c4 Nb4 22. Qd2 b6 23. Qxb4 Bb7 24. d5 Qd6 25. Qc3+ Kf8 26. Qh8# 1-0

[Event "Tournoi francophone 013"]
[Site "Skype"]
[Date "????.??.??"]
[Round "2.14"]
[White "Trivedi, Viral"]
[Black "Farfallini, Michel"]
[Result "1-0"]
[WhiteElo "1230"]
[BlackElo "1446"]
[PlyCount "59"]

1. b3 e5 2. Bb2 d6 3. e3 Nc6 4. Bb5 Nge7 5. f4 Bd7 6. fxe5 dxe5 7. Nf3 Bg4 8.
O-O e4 9. Nc3 exf3 10. gxf3 Bh5 11. d4 Qd6 12. d5 O-O-O 13. dxc6 Qg6+ 14. Kh1
Rxd1 15. Raxd1 Nf5 16. cxb7+ Kxb7 17. Bd3 Qh6 18. Bxf5 Bd6 19. f4 Bxd1 20. Rxd1
Qh5 21. Be4+ c6 22. Rxd6 Re8 23. Bxc6+ Kc7 24. Nb5+ Kb8 25. Bxe8 Qf3+ 26. Kg1
Qxe3+ 27. Kf1 Qxe8 28. Rd5 a6 29. Be5+ Ka8 30. Nc7+ 1-0

[Event "Tournoi francophone 013"]
[Site "Skype"]
[Date "????.??.??"]
[Round "2.15"]
[White "Elias, Roberto"]
[Black "Tamditi, Ibrahim"]
[Result "1-0"]
[WhiteElo "1782"]
[BlackElo "1315"]
[PlyCount "29"]

1. c4 g6 2. Nc3 Bg7 3. e4 Bxc3 4. bxc3 d6 5. d4 Nf6 6. Bd3 b6 7. Nf3 Bb7 8. Qe2
O-O 9. O-O c5 10. e5 dxe5 11. dxe5 Nfd7 12. Bh6 Re8 13. e6 fxe6 14. Qxe6+ Kh8
15. Ng5 1-0

[Event "Tournoi francophone 013"]
[Site "Skype"]
[Date "????.??.??"]
[Round "2.16"]
[White "Gharbi, Said"]
[Black "Mantelli, Luca"]
[Result "0-1"]
[WhiteElo "1456"]
[BlackElo "1370"]
[PlyCount "46"]

1. e4 e5 2. Nf3 Nc6 3. Bc4 Bc5 4. O-O d6 5. Nc3 Nf6 6. d3 a6 7. Bg5 h6 8. Bxf6
Qxf6 9. Nd5 Qd8 10. Nh4 O-O 11. Ng6 fxg6 12. Nxc7+ Kh7 13. Nxa8 Bd7 14. b4 Ba7
15. b5 axb5 16. Bxb5 Qxa8 17. Qc1 Qd8 18. Rb1 Qf6 19. Qd2 g5 20. Rb3 Qf4 21.
Qe2 Bg4 22. Qe1 Nd4 23. Rb4 Nxc2 0-1

[Event "Tournoi francophone 013"]
[Site "Skype"]
[Date "????.??.??"]
[Round "2.17"]
[White "Vincent, Andre"]
[Black "Guillaume, Mickael"]
[Result "1-0"]
[WhiteElo "1377"]
[BlackElo "1106"]
[PlyCount "53"]

1. d4 d5 2. Nc3 Nf6 3. Bf4 a6 4. e3 e6 5. Bd3 Bb4 6. Nge2 O-O 7. a3 Bd6 8. O-O
Bxf4 9. Nxf4 Nc6 10. Re1 Re8 11. Na2 b5 12. c3 e5 13. dxe5 Rxe5 14. Ne2 Bf5 15.
Nb4 Nxb4 16. axb4 Ne4 17. Nd4 Qd6 18. f4 Qg6 19. fxe5 Bh3 20. Qf3 Bg4 21. Qf1
f5 22. exf6 gxf6 23. Nc6 Qg7 24. Bxb5 Nd2 25. Qf2 Nf3+ 26. gxf3 Bxf3+ 27. Qg3
1-0

[Event "Tournoi francophone 013"]
[Site "Skype"]
[Date "????.??.??"]
[Round "2.18"]
[White "Montilla Bejarano, Carmen"]
[Black "L'Herbon De Lussats, Jean"]
[Result "1/2-1/2"]
[WhiteElo "1073"]
[BlackElo "1272"]
[PlyCount "72"]

1. e4 c5 2. d4 cxd4 3. Qxd4 Nc6 4. Qa4 e5 5. c3 Nf6 6. Nd2 Bc5 7. Ngf3 Ng4 8.
h3 Nxf2 9. Rh2 O-O 10. Qc2 d5 11. exd5 Qxd5 12. Bc4 Qd7 13. Ne4 Nxe4 14. Qxe4
Qf5 15. Qxf5 Bxf5 16. Nh4 Be4 17. g4 Rad8 18. Bb3 Rd6 19. Re2 Bd5 20. Be3 b6
21. Bxc5 bxc5 22. Rd1 Rfd8 23. Nf5 R6d7 24. Red2 Be6 25. Bxe6 Rxd2 26. Rxd2
fxe6 27. Ne7+ Kf7 28. Nxc6 Rd5 29. c4 Rxd2 30. Kxd2 e4 31. Ke3 Kf6 32. Nxa7 Ke5
33. Nb5 g6 34. a4 h5 35. Nc3 Kd6 36. Nxe4+ Kc6 1/2-1/2

[Event "Tournoi francophone 013"]
[Site "Skype"]
[Date "????.??.??"]
[Round "2.19"]
[White "Hargez, Dany"]
[Black "Gerbaux, Regis"]
[Result "0-1"]
[WhiteElo "1296"]
[BlackElo "1073"]
[PlyCount "90"]

1. e4 c6 2. e5 d6 3. Nf3 Bg4 4. Be2 Bxf3 5. Bxf3 dxe5 6. O-O Nf6 7. Re1 Nbd7 8.
d3 g6 9. Bg5 Bg7 10. Nd2 O-O 11. Bxf6 Bxf6 12. Ne4 Bg7 13. Bg4 f5 14. Ng5 Rf6
15. Bh3 h6 16. Nf3 Rd6 17. c3 Nc5 18. b4 Nxd3 19. Qb3+ Kh8 20. Rf1 e6 21. Rad1
g5 22. Ne1 Nf4 23. Nf3 g4 24. Rxd6 Qxd6 25. Rd1 Qe7 26. c4 gxh3 27. gxh3 Nxh3+
28. Kg2 Nf4+ 29. Kh1 e4 30. Nd2 Qh4 31. Qg3 Qxg3 32. hxg3 Nd3 33. Kg2 Rg8 34.
Rh1 Kh7 35. Rh5 Be5 36. Rh3 Nf4+ 37. Kh2 Nxh3 38. Kxh3 Rg5 39. Nf1 Rh5+ 40. Kg2
Bd4 41. Ne3 Bxe3 42. fxe3 Kg6 43. a4 Rg5 44. Kf2 h5 45. Kg2 h4 0-1

[Event "Tournoi francophone 013"]
[Site "Skype"]
[Date "????.??.??"]
[Round "2.20"]
[White "Dhenain, Sebastien"]
[Black "Martinez Quintero, Javier"]
[Result "0-1"]
[WhiteElo "1086"]
[BlackElo "1697"]
[PlyCount "50"]

1. e4 c5 2. c3 d5 3. e5 d4 4. cxd4 cxd4 5. Nf3 Nc6 6. Bc4 e6 7. O-O Nge7 8. h3
Ng6 9. Bb5 Bd7 10. b3 Ngxe5 11. Ba3 Bxa3 12. Nxa3 O-O 13. Nxe5 Nxe5 14. Bxd7
Qxd7 15. Rc1 Rfc8 16. Re1 Rxc1 17. Qxc1 Nd3 18. Qa1 Nxe1 19. Qxe1 Rc8 20. Nc4
b5 21. Ne5 Qc7 22. Qe4 Qc1+ 23. Kh2 Qxd2 24. Qb7 Qf4+ 25. g3 Qxf2+ 0-1

[Event "Tournoi francophone 013"]
[Site "Skype"]
[Date "????.??.??"]
[Round "2.21"]
[White "Coude, Josue"]
[Black "Sauvaget, Joel"]
[Result "1/2-1/2"]
[WhiteElo "1078"]
[BlackElo "1290"]
[PlyCount "44"]

1. e4 e5 2. Nf3 d6 3. Bc4 h6 4. d3 Nf6 5. Be3 Be7 6. h3 a6 7. a4 O-O 8. Nc3
Nbd7 9. O-O Re8 10. Qd2 Bf8 11. Rfe1 Nh7 12. b4 Ndf6 13. b5 axb5 14. Bxb5 Bd7
15. Bxd7 Nxd7 16. Rab1 b6 17. Qc1 Ra5 18. Rb5 Qa8 19. Rxa5 Qxa5 20. Bd2 c6 21.
Qa1 Qa6 22. Rb1 Ra8 1/2-1/2

[Event "Tournoi francophone 013"]
[Site "Skype"]
[Date "????.??.??"]
[Round "2.22"]
[White "Vervoort, Jean-Louis"]
[Black "Schnell, Nicolas"]
[Result "1-0"]
[WhiteElo "1273"]
[BlackElo "1099"]
[PlyCount "93"]

1. d4 Nf6 2. Bf4 e6 3. Nf3 Be7 4. e3 Ne4 5. Nbd2 Bb4 6. c3 Be7 7. Nxe4 O-O 8.
Qd3 d5 9. Neg5 g6 10. Ne5 Bd7 11. O-O-O Bxg5 12. Bxg5 Qxg5 13. h4 Qf6 14. f3
Nc6 15. Nxd7 Qe7 16. Nxf8 Rxf8 17. g4 e5 18. Bg2 e4 19. fxe4 Qd7 20. exd5 Ne7
21. g5 Qg4 22. Rdg1 Nf5 23. Be4 Ng3 24. Rh2 Re8 25. Bh1 Ne2+ 26. Qxe2 Qxg1+ 27.
Qd1 Qg4 28. Re2 Qxh4 29. e4 Qf4+ 30. Qd2 Qf1+ 31. Re1 Qc4 32. Kb1 Rd8 33. e5 c6
34. d6 c5 35. d5 b6 36. b3 Qa6 37. c4 Rb8 38. d7 Qa5 39. Qxa5 bxa5 40. e6 fxe6
41. dxe6 Rd8 42. e7 Rf8 43. exf8=Q+ Kxf8 44. d8=Q+ Kf7 45. Qe7+ Kg8 46. Qe8+
Kg7 47. Re7# 1-0

[Event "Tournoi francophone 013"]
[Site "Skype"]
[Date "????.??.??"]
[Round "2.23"]
[White "Rodriguez, Nathalie"]
[Black "Ruiz Aguilera, Juan Jesus"]
[Result "1/2-1/2"]
[WhiteElo "1266"]
[BlackElo "1083"]
[PlyCount "76"]

1. d4 d5 2. Bf4 Bf5 3. Nc3 e6 4. Nb5 Bd6 5. Bg3 a6 6. Nxd6+ cxd6 7. Nf3 Nc6 8.
e3 Nb4 9. Bd3 Nxd3+ 10. cxd3 Rc8 11. O-O Nf6 12. Re1 Qb6 13. b3 O-O 14. h3 Rc3
15. e4 dxe4 16. dxe4 Bxe4 17. Qd2 Rd3 18. Qf4 Bxf3 19. gxf3 Rxd4 20. Qe3 Nd5
21. Qc1 Qc5 22. Qxc5 dxc5 23. Bd6 Rd8 24. Bxc5 Rd3 25. Kg2 Nf4+ 26. Kg3 Nh5+
27. Kg2 R8d5 28. Be3 f5 29. Rac1 f4 30. Bb6 Rg5+ 31. Kh2 Rxf3 32. Rc8+ Kf7 33.
Rc7+ Kf6 34. Bd4+ e5 35. Bc5 Kf5 36. Rf7+ Ke6 37. Re7+ Kd5 38. Bb6 Kc6 1/2-1/2

[Event "Tournoi francophone 013"]
[Site "Skype"]
[Date "????.??.??"]
[Round "2.24"]
[White "Maccaferri, Massimo"]
[Black "Le Bouill, Pierre"]
[Result "1-0"]
[WhiteElo "1074"]
[BlackElo "1252"]
[PlyCount "108"]

1. e4 e5 2. g4 Nf6 3. d3 d6 4. g5 Nfd7 5. h4 Nc6 6. h5 Nd4 7. Be3 Ne6 8. d4
exd4 9. Bxd4 c5 10. Be3 Qa5+ 11. Nc3 g6 12. hxg6 fxg6 13. Bh3 Ne5 14. f4 Nf7
15. Bd2 Qd8 16. Nd5 Bg7 17. Bc3 Bxc3+ 18. bxc3 h6 19. f5 Nexg5 20. fxg6 Ne5 21.
Qh5 Rg8 22. g7+ Nef7 23. Qg6 Rxg7 24. Qxg7 Ne6 25. Qg8+ Kd7 26. Bxe6+ Kxe6 27.
Nf4+ Ke7 28. Qg7 Qe8 29. Rxh6 Be6 30. Qf6+ Kd7 31. Nxe6 Kc6 32. Rh7 Ne5 33.
O-O-O Nc4 34. Rc7+ Kb6 35. e5 Qb5 36. Rxd6+ Ka5 37. Rxc5 Qxc5 38. Nxc5 Rg8 39.
Ra6+ Kb5 40. Qc6+ bxc6 41. Ne2 Kxc5 42. Rxa7 Rf8 43. Ng3 Rg8 44. Nf1 Rg1 45.
Rf7 Rg2 46. e6 Re2 47. Kd1 Rxe6 48. Rf5+ Kd6 49. Nd2 Ne3+ 50. Kc1 Re8 51. Rf6+
Kd5 52. a4 Ra8 53. c4+ Kc5 54. Rf3 Rxa4 1-0

[Event "Tournoi francophone 013"]
[Site "Skype"]
[Date "????.??.??"]
[Round "2.25"]
[White "Tolaro, Filippa"]
[Black "Porcabeuf, Jean-Marc"]
[Result "1-0"]
[WhiteElo "1065"]
[BlackElo "1229"]
[PlyCount "53"]

1. Nf3 Nf6 2. d4 d5 3. b3 g6 4. Bb2 Bg7 5. e3 a6 6. Bd3 Nc6 7. Nbd2 O-O 8. c4
dxc4 9. bxc4 Bg4 10. d5 Na7 11. O-O e6 12. h3 Bxf3 13. Nxf3 exd5 14. cxd5 Qxd5
15. e4 Qd7 16. Re1 Nc6 17. e5 Nd5 18. Bc4 Qe6 19. Bxd5 Qf5 20. Bxc6 bxc6 21.
Rc1 Rad8 22. Bd4 f6 23. Qb3+ Kh8 24. exf6 Bxf6 25. Bxf6+ Rxf6 26. Re5 Rd7 27.
Rxf5 1-0

[Event "Tournoi francophone 013"]
[Site "Skype"]
[Date "????.??.??"]
[Round "2.26"]
[White "Moumtaz, Abderrahim"]
[Black "Ramirez, Luis Antonio"]
[Result "1-0"]
[WhiteElo "1226"]
[BlackElo "1075"]
[PlyCount "121"]

1. d4 c6 2. e4 d6 3. Nf3 Nd7 4. c4 Ngf6 5. Nc3 a6 6. Bd3 g6 7. Bg5 Bg7 8. O-O
O-O 9. Qd2 Ng4 10. h3 Nge5 11. dxe5 dxe5 12. Bh6 Bxh6 13. Qxh6 f6 14. b4 Rf7
15. c5 Qf8 16. Qxf8+ Nxf8 17. Bc4 e6 18. Rfd1 Bd7 19. a4 Rb8 20. a5 h5 21. h4
Kh8 22. Ne2 Rg7 23. Ng3 Re8 24. Kh2 Ree7 25. Be2 Nh7 26. Nd2 Be8 27. Nc4 g5 28.
hxg5 Rxg5 29. Rd6 h4 30. Nf1 Bg6 31. Bf3 Bh5 32. Bxh5 Rxh5 33. Nfe3 Rg7 34.
Rd8+ Rg8 35. Rxg8+ Kxg8 36. Rd1 Kg7 37. Rd7+ Kg6 38. Rxb7 Ng5 39. Nf1 Nxe4 40.
f3 Ng5 41. Ncd2 f5 42. Rc7 e4 43. fxe4 f4 44. Rxc6 Kf6 45. Rxa6 Ke5 46. c6 Nf7
47. c7 h3 48. c8=Q Ng5 49. Qb8+ Kf6 50. Qd8+ Ke5 51. Qd6+ Kf6 52. Qxf4+ Kg6 53.
Ng3 hxg2+ 54. Kxg2 Nh3 55. Nxh5 Nxf4+ 56. Kf3 Nxh5 57. Rxe6+ Kf7 58. Rh6 Ng7
59. a6 Ne6 60. a7 Kg7 61. Rxe6 1-0

[Event "Tournoi francophone 013"]
[Site "Skype"]
[Date "????.??.??"]
[Round "2.28"]
[White "Busto, Ricardo"]
[Black "Dib, Catherine"]
[Result "0-1"]
[WhiteElo "1210"]
[BlackElo "1070"]
[PlyCount "82"]

1. d4 Nf6 2. Nf3 b6 3. c4 d5 4. cxd5 Nxd5 5. e4 Nf6 6. Nc3 Bb7 7. d5 c6 8. Bc4
Nbd7 9. a4 Nc5 10. e5 Nxd5 11. Nxd5 cxd5 12. Be2 e6 13. b4 Nd7 14. Rb1 Be7 15.
O-O O-O 16. Be3 Qc7 17. Rc1 Qb8 18. Qd4 f6 19. exf6 Bxf6 20. Qd2 e5 21. Bg5 e4
22. Nd4 Qe5 23. Bxf6 Nxf6 24. b5 Rac8 25. Nc6 Bxc6 26. Rxc6 Rxc6 27. bxc6 Rc8
28. Rc1 Qd6 29. Bb5 a6 30. Bxa6 Rxc6 31. Rxc6 Qxc6 32. Bb5 Qc5 33. Kf1 d4 34.
h3 Nd5 35. Ke2 Qc3 36. Qxc3 Nxc3+ 37. Kd2 Nxb5 38. axb5 Kf7 39. Ke2 Ke6 40. f3
e3 41. Kd3 Kd5 0-1

[Event "Tournoi francophone 013"]
[Site "Skype"]
[Date "????.??.??"]
[Round "2.29"]
[White "Canova, Felix"]
[Black "Douichi, Mohammed"]
[Result "0-1"]
[WhiteElo "1000"]
[BlackElo "1203"]
[PlyCount "46"]

1. e4 Nc6 2. Nf3 e5 3. Bb5 Bd6 4. Nc3 Nf6 5. d3 O-O 6. O-O Nd4 7. Nxd4 exd4 8.
Bg5 dxc3 9. bxc3 c6 10. Bc4 h6 11. Bh4 g5 12. Bg3 Bxg3 13. hxg3 d5 14. exd5
cxd5 15. Bb3 Be6 16. f3 Qc7 17. f4 Qxc3 18. Kh2 Bg4 19. Qc1 Be2 20. Rh1 Ng4+
21. Kg1 Qd4+ 22. Qe3 Qxa1+ 23. Qc1 Qxc1# 0-1

[Event "Tournoi francophone 013"]
[Site "Skype"]
[Date "????.??.??"]
[Round "2.30"]
[White "Milanese, Serge"]
[Black "Fernandez, Raquel"]
[Result "1/2-1/2"]
[WhiteElo "1202"]
[BlackElo "1043"]
[PlyCount "68"]

1. d4 d5 2. Bf4 Bf5 3. e3 e6 4. Bd3 Nf6 5. Nf3 Bd6 6. Bg3 Nc6 7. Ne5 Nxe5 8.
dxe5 Bxe5 9. Bxe5 O-O 10. O-O Qe7 11. c3 Ng4 12. Bf4 Qh4 13. Bxf5 exf5 14. Qxd5
g5 15. Bg3 Qh5 16. Qxf5 Nh6 17. Qc2 Qg6 18. Qb3 c6 19. Nd2 b5 20. Nf3 Rad8 21.
Ne5 Qe6 22. Qc2 Nf5 23. Ng4 Nxg3 24. fxg3 Qxg4 25. h3 Qe6 26. Qe2 f5 27. Rf3
Qc4 28. Qxc4+ bxc4 29. b3 cxb3 30. axb3 g4 31. hxg4 fxg4 32. Rf4 h5 33. Kf2 Rf7
34. Rxf7 Kxf7 1/2-1/2

[Event "Tournoi francophone 013"]
[Site "Skype"]
[Date "????.??.??"]
[Round "2.31"]
[White "Rodriguez Tovar, Liliana"]
[Black "Abate, Luigi"]
[Result "0-1"]
[WhiteElo "1000"]
[BlackElo "1189"]
[PlyCount "54"]

1. e4 Nc6 2. Nf3 f5 3. Nc3 fxe4 4. Nxe4 d5 5. Nc3 Nf6 6. Bb5 e5 7. d4 Bg4 8. h3
h5 9. Bg5 exd4 10. Bxc6+ bxc6 11. Qxd4 Bxf3 12. Qe3+ Be4 13. O-O-O Qd6 14. f3
Qe5 15. Bxf6 gxf6 16. fxe4 Rb8 17. Qxa7 Rb6 18. Qa8+ Kf7 19. exd5 Bh6+ 20. Kb1
Rxa8 21. Rhe1 Qxc3 22. b3 cxd5 23. Re2 f5 24. Rxd5 Kf6 25. g4 Re6 26. Rxf5+ Ke7
27. Rff2 Bg7 0-1

[Event "Tournoi francophone 013"]
[Site "Skype"]
[Date "????.??.??"]
[Round "2.32"]
[White "De Coninck, Philippe"]
[Black "Trapletti, Cosetta"]
[Result "1-0"]
[WhiteElo "1173"]
[BlackElo "1026"]
[PlyCount "59"]

1. e4 d6 2. d4 Nf6 3. Nc3 Bg4 4. Nf3 Nc6 5. Bc4 e6 6. O-O d5 7. exd5 exd5 8.
Bb3 Be7 9. Bg5 O-O 10. h3 h6 11. Bxf6 Bxf3 12. Qxf3 Bxf6 13. Rad1 Nxd4 14. Qxd5
Qxd5 15. Nxd5 Be5 16. Rfe1 Rfe8 17. f4 c6 18. Nc3 Bxf4 19. Rf1 Be3+ 20. Kh1 c5
21. Bxf7+ Kf8 22. Bg6+ Ke7 23. Rf7+ Kd8 24. Nd5 Ne2 25. Nc7+ Kc8 26. Bf5+ Kb8
27. Nxe8 Nd4 28. c3 Nc6 29. Rdd7 a5 30. Rxb7# 1-0

[Event "Tournoi francophone 013"]
[Site "Skype"]
[Date "????.??.??"]
[Round "2.33"]
[White "Rivalta, Paolo"]
[Black "Hampton, Irene"]
[Result "1-0"]
[WhiteElo "1101"]
[BlackElo "1000"]
[PlyCount "33"]

1. d4 b6 2. e4 Bb7 3. Nc3 e6 4. Bd3 Bb4 5. Bd2 Ne7 6. Nf3 O-O 7. O-O d6 8. a3
Bxc3 9. Bxc3 a5 10. b4 a4 11. e5 d5 12. Bxh7+ Kh8 13. Bd3 g6 14. Ng5 Nf5 15.
Qg4 Qd7 16. Qh3+ Kg8 17. Qh7# 1-0

[Event "Tournoi francophone 013"]
[Site "Skype"]
[Date "????.??.??"]
[Round "3.1"]
[White "Thevenet, Yann"]
[Black "Hurtado De Mendoza, Ramon Miguel"]
[Result "1-0"]
[WhiteElo "1986"]
[BlackElo "1549"]
[PlyCount "33"]

1. e4 d5 2. exd5 Nf6 3. c4 e6 4. dxe6 Bxe6 5. Nf3 Nc6 6. d4 Bb4+ 7. Nc3 Qe7 8.
Be3 Bg4 9. Be2 Ne4 10. Rc1 Rd8 11. O-O O-O 12. Nd5 Qd7 13. Nxb4 Nxb4 14. Qb3 c5
15. Ne5 Bxe2 16. Nxd7 Bxf1 17. Nxf8 1-0

[Event "Tournoi francophone 013"]
[Site "Skype"]
[Date "????.??.??"]
[Round "3.2"]
[White "Lambert, Pierre"]
[Black "Hilton, Stephen"]
[Result "0-1"]
[WhiteElo "1647"]
[BlackElo "1865"]
[PlyCount "70"]

1. e4 c5 2. Nf3 d6 3. d4 cxd4 4. Nxd4 Nf6 5. Nc3 a6 6. Be2 e5 7. Nf3 Be7 8. O-O
O-O 9. h3 h6 10. Be3 Be6 11. Qd3 Nbd7 12. Nd5 Bxd5 13. exd5 e4 14. Qb3 exf3 15.
Bxf3 Qc7 16. Rad1 Rac8 17. c3 Nc5 18. Qc2 Rfe8 19. Qf5 Qd7 20. Qf4 Qa4 21. Qg3
Nfe4 22. Bxe4 Qxe4 23. Rd4 Qg6 24. Rg4 Qh7 25. Bd4 Bf8 26. f3 Nd3 27. f4 Nc5
28. f5 Ne4 29. Qh4 Nc5 30. Bxg7 Bxg7 31. f6 Re4 32. Qg3 Rxg4 33. Qxg4 Re8 34.
b4 Nd3 35. Rf3 Ne5 0-1